000 00332nam a22001337a 4500
020 _qPB.
040 _cFIZZA ISHAQ
082 _a005.358
_bCUR
100 _aLANG, CURT.
_955477
245 _aDATA BASE PUBLISHING /
_cCURT LUNG & JEFF CHOW
260 _aNEWYORK :
_bCORIOLIES GROUP,
_c2006.
300 _a1142 P. ;
942 _2ddc
_cBK
999 _c566326
_d566326